000 00279nam a2200109Ia 4500
008 220120s9999||||xx |||||||||||||| ||und||
020 _a9789810791223
082 _a621.395 GIV
100 _aGivone, Donald, D
_92779
245 0 _aDigital principles and design
300 _a191p.
_b0
999 _c136495
_d136495